| 000 | 01689nam0a2200313 i 4500 | ||
|---|---|---|---|
| 001 | RU\NLR\BIBL_A\011250572 | ||
| 005 | 20260405102449.0 | ||
| 010 |
_a9785738919732 _9100 |
||
| 021 |
_aRU _b2016-76088 _94945 |
||
| 035 | _a(NLR Aleph) 011250572 | ||
| 090 |
_a12164699 _c12164699 |
||
| 100 | _a20161019d2016 u y0rusy50 ca | ||
| 101 | 0 | _arus | |
| 102 | _aRU | ||
| 105 | _aa|||j|||000zy | ||
| 200 | 1 |
_aИсточники света и их применение _eучебное пособие _e[для студентов строительного направления очной и заочной форм обучения] _fО.А. Мищенко _gМ-во образования и науки Рос. Федерации, Федер. гос. бюджет. образоват. учреждение высш. образования "Тихоокеан. гос. ун-т" |
|
| 210 |
_aХабаровск _cИзд-во ТОГУ _d2016 |
||
| 215 |
_a215 с. _cил., цв. ил. _d21 |
||
| 320 | _aБиблиогр.: с. 170-175 (85 назв.) | ||
| 606 |
_aИсточники света _jУчебные издания для высших учебных заведений _9980339 _3RU\NLR\AUTH\66369009 |
||
| 606 |
_aЭлектрическое освещение _jУчебные издания для высших учебных заведений _91251943 _3RU\NLR\AUTH\66195618 |
||
| 675 | _a621.31 | ||
| 686 | 1 | _aЗ294я73-1 | |
| 700 | 1 |
_4340 _8rus _7ca _aМищенко _bО. А. _f1976- _gОльга Алексеевна _3RU\NLR\AUTH\7738204 _921191 |
|
| 801 | 0 |
_aRU _bРГБ _c20161005 _gRCR |
|
| 942 | _cBOOK | ||
| 980 | _aNBR | ||